| 000 | 00688nam a2200205 i 4500 | ||
|---|---|---|---|
| 001 | 74822 | ||
| 003 | ES-MaACL | ||
| 005 | 20241027162053.0 | ||
| 007 | t| | ||
| 008 | 040921s1908 fr ||||1| fre d | ||
| 100 | 1 |
_aGourmont, Rémy de ( _d1858-1916) _959362 |
|
| 245 | 1 | 0 |
_aDante, Béatrice et la poésie amoureuse _b: essai sur l'idéal fémenin en Italie a la fin du XIIIe siécle / _cRemy de Gourmont. |
| 260 |
_aParís : _bSociété du Mercure de France, _c1908. |
||
| 300 |
_a78 p. : _bil. ; _c18 cm. |
||
| 650 | 4 |
_aMujeres- _xEn la literatura. _915271 |
|
| 650 | 4 |
_aAmor- _xEn la literatura. _99756 |
|
| 852 |
_aES-MaACL _jT-1388-F-6 |
||
| 942 | _2udc | ||
| 999 |
_c74822 _d74822 |
||